000 00939cam a2200253 4500
008 090401t1992 xxu||||| |||| 00| 0 eng d
020 _a0118863649
035 _a(Sirsi) u3981
041 _aeng
050 _a697.93
100 _aRaw, G. J.
245 _aSick Building Syndrome: a review of the evidence on causes and solutions.
260 _aLondon
_bHMSO
_c1992
300 _aiii,121p. ; 30cm.
350 _a25
490 _aHSE Contract Research Report
_v42/1992
520 _aReport which sets out to describe Sick Building Syndrome and its possible causes and to provide guidance on what can be done to prevent it. Aimed at those who have responsibility for buildings, building services and office staff.
650 _aSICK BUILDINGS SYNDROME
690 _aBUILT ENVIRONMENT
710 _aGreat Britain
_bHealth and Safety Executive
710 _aBuilding Research Establishment
942 _n0
948 _c04/03/1997
999 _c85979
_d85979